| 000 | 00856nam a22002417a 4500 | ||
|---|---|---|---|
| 999 |
_c18381 _d18381 |
||
| 003 | AR-CdUCM | ||
| 008 | 190321b ||||| |||| 00| 0 spa d | ||
| 040 |
_aMUNICIPALIDAD PROVINCIAL DEL CUSCO _cBIBLIOTECA MUNICIPAL DEL CUSCO |
||
| 041 | _hrus | ||
| 082 |
_25ed. _a891.736 / _bT68 |
||
| 100 |
_aTolstoi, León Nikolaievich _921949 |
||
| 245 | _aObras / | ||
| 260 |
_aMadrid : _bAguilar, _c1966. |
||
| 300 |
_atomos ; _bilustraciones ; _c18 cm. |
||
| 505 | _aContenido : t.1: Los grafismos de Toistol -- El poder de las tinieblas -- Los frutos de la civilización -- El vagabundo -- El cadaver viviente... | ||
| 650 |
_aLiteratura rusa _99988 |
||
| 650 |
_aNovela _95 |
||
| 650 |
_aCuento _94671 |
||
| 700 |
_aAndresco, Irene (traductora) _921950 |
||
| 700 |
_aAndresco, Laura (traductora) _921951 |
||
| 942 |
_2ddc _cLIBROS |
||
| 945 |
_awnts _d2019-05-13 |
||